[Event "London Chess Classic FIDE Open"]
[Site "London ENG"]
[Date "2010.12.12"]
[Round "5"]
[White "Ansell, Simon T"]
[Black "Grant, Jonathan I M"]
[Result "1-0"]
[WhiteTitle "IM"]
[WhiteElo "2417"]
[BlackElo "2201"]
[WhiteFideId "402141"]
[BlackFideId "2400294"]
[EventDate "2010.12.08"]

1. e4 c6 2. Ne2 d5 3. e5 c5 4. d4 Nc6 5. c3 cxd4 6. cxd4 Bg4 7. f3 Bd7 8. Nbc3
e6 9. Be3 Nge7 10. g3 Nf5 11. Bf2 h5 12. Bh3 g6 13. O-O Rc8 14. Kh1 Na5 15. Qd3
Bb4 16. Rab1 Qb6 17. g4 Ne7 18. Nf4 Qa6 19. Qxa6 bxa6 20. gxh5 gxh5 21. Be1 Bxc3
22. Bxc3 Nc4 23. Rg1 Na3 24. Rbd1 Nb5 25. Bb4 Rc2 26. a4 Nc7 27. b3 Nc6 28. Bd6
Na8 29. Rg5 Nb6 30. Rdg1 Ne7 31. Rxh5 Rxh5 32. Nxh5 Ng6 33. Nf4 Nc8 34. Nxg6
Nxd6 35. exd6 fxg6 36. Rxg6 Kf7 37. Rh6 Kg7 38. Rh4 Rc3 39. Rg4+ Kf7 40. Rf4+
Kg7 41. Kg2 Rxb3 42. a5 Ra3 43. Bg4 Rxa5 44. Bh5 Rb5 45. Rf7+ Kh6 46. Rxd7 Kxh5
47. Rxa7 Rb6 48. d7 Rd6 49. Rxa6 Rxd7 50. Rxe6 Kg5 51. Kg3 Kf5 52. Re5+ Kf6 53.
h4 Rd8 54. Kf4 Rd7 55. h5 Rd8 56. Rg5 Ke6 57. Rg6+ Kf7 58. Kf5 Re8 59. Rd6 Rh8
60. h6 Ke7 61. Ra6 Rf8+ 62. Ke5 Rxf3 63. Ra7+ Kf8 64. h7 Rh3 65. Kxd5 1-0

[Event "London Chess Classic FIDE Open"]
[Site "London ENG"]
[Date "2010.12.12"]
[Round "5"]
[White "Toubale, Tarek"]
[Black "Quillan, Gary"]
[Result "0-1"]
[BlackTitle "IM"]
[WhiteElo "2168"]
[BlackElo "2385"]
[WhiteFideId "681075"]
[BlackFideId "401153"]
[EventDate "2010.12.08"]

1. e4 e6 2. d4 d5 3. e5 c5 4. Nf3 Nc6 5. Bd3 cxd4 6. O-O Nge7 7. Bf4 Ng6 8. Bg3
Be7 9. a3 a5 10. Re1 Bd7 11. a4 Bb4 12. Nbd2 f5 13. exf6 Qxf6 14. Re2 Nf4 15.
Bxf4 Qxf4 16. Nb3 e5 17. Bb5 e4 18. Nfxd4 O-O 19. c3 Bd6 20. g3 Qg5 21. Re1 Rf6
22. c4 Raf8 23. Rf1 Bh3 24. cxd5 Bxg3 25. hxg3 Rxf2 26. Ne2 Qe3 27. Qd2 Qf3 28.
Nf4 Qxg3+ 0-1

[Event "London Chess Classic FIDE Open"]
[Site "London ENG"]
[Date "2010.12.12"]
[Round "5"]
[White "Lasinskas, Povilas"]
[Black "Crouch, Colin S"]
[Result "0-1"]
[WhiteTitle "FM"]
[BlackTitle "IM"]
[WhiteElo "2162"]
[BlackElo "2335"]
[WhiteFideId "12800503"]
[BlackFideId "400947"]
[EventDate "2010.12.08"]

1. d4 d5 2. c4 c6 3. Nf3 Nf6 4. Nc3 a6 5. e3 g6 6. Be2 Bg7 7. O-O O-O 8. b3 Bg4
9. Ne5 Bxe2 10. Qxe2 Nbd7 11. f4 c5 12. Rd1 cxd4 13. Rxd4 Nxe5 14. fxe5 Nd7 15.
Rxd5 Qc7 16. Bb2 e6 17. Rd2 Nxe5 18. Rad1 h5 19. h3 Qe7 20. Ne4 f5 21. Nd6 b6
22. b4 Qh4 23. Bd4 Rab8 24. c5 b5 25. a3 Qg3 26. Bxe5 Bxe5 27. Qf3 Qh2+ 28. Kf1
Rbd8 29. c6 Rxd6 30. c7 Rxd2 31. Rxd2 Qh1+ 32. Kf2 Qc1 33. Rd7 Bxc7 34. Qb7 Qc2+
35. Kf1 Qc4+ 36. Kf2 Be5 37. Qxa6 f4 38. e4 Bd4+ 39. Ke1 Qc3+ 40. Ke2 Qc2+ 41.
Ke1 Bc3+ 42. Kf1 Qc1+ 43. Kf2 Qe1+ 0-1

[Event "London Chess Classic FIDE Open"]
[Site "London ENG"]
[Date "2010.12.12"]
[Round "5"]
[White "Prosviriakov, Vladimir"]
[Black "Cannon, Richard J"]
[Result "1-0"]
[WhiteTitle "IM"]
[WhiteElo "2280"]
[BlackElo "2119"]
[WhiteFideId "2004860"]
[BlackFideId "408670"]
[EventDate "2010.12.08"]

1. e4 e6 2. d4 d5 3. Nc3 Nf6 4. e5 Nfd7 5. f4 c5 6. Nf3 Nc6 7. Be3 Qb6 8. Qd2
cxd4 9. Nxd4 Nxd4 10. Bxd4 Qd8 11. O-O-O a6 12. f5 Be7 13. fxe6 fxe6 14. Qf2 Bh4
15. g3 Rf8 16. Qe2 Bg5+ 17. Kb1 Qe7 18. Bh3 g6 19. Bg2 Kd8 20. h4 Bh6 21. Bxd5
exd5 22. Nxd5 Qe6 23. Bb6+ Nxb6 24. Nxb6+ Ke7 25. Nxa8 Qc6 26. Qd3 Rf2 27. Qd6+
Qxd6 28. exd6+ Kd8 29. d7 Bxd7 30. Nb6 Bd2 31. Nxd7 Kxd7 32. Rhf1 Rg2 33. Rf3
Kc6 34. a3 Ba5 35. Rf6+ Kc7 36. Rd3 Be1 37. Rff3 h5 38. b4 b6 39. Rf7+ Kc6 40.
Rf6+ Kb5 41. Rxg6 Bf2 42. Kb2 Ka4 43. Rg5 a5 44. Rd2 axb4 45. axb4 b5 46. c3 Rg1
47. Rg6 Bb6 48. Rxb6 Rg2 49. Ra6# 1-0

[Event "London Chess Classic FIDE Open"]
[Site "London ENG"]
[Date "2010.12.12"]
[Round "5"]
[White "Merriman, John"]
[Black "Van Heirzeele, Daniel"]
[Result "1-0"]
[WhiteElo "2259"]
[BlackElo "2114"]
[WhiteFideId "402362"]
[BlackFideId "200425"]
[EventDate "2010.12.08"]

1. d4 Nf6 2. c4 e6 3. Nc3 Bb4 4. e3 Ne4 5. Bd2 Bxc3 6. Bxc3 O-O 7. Bd3 f5 8.
Bxe4 fxe4 9. d5 Qh4 10. Nh3 c5 11. dxe6 dxe6 12. Qd6 Nc6 13. O-O-O e5 14. Qxc5
Bxh3 15. gxh3 Rad8 16. Rxd8 Rxd8 17. Rd1 Rxd1+ 18. Kxd1 Qxf2 19. Qd5+ Kf8 20.
Qxe4 Qg1+ 21. Be1 g6 22. Qf3+ Kg7 23. Ke2 Qxh2+ 24. Bf2 e4 25. Qxe4 Qxh3 26. a3
Qh5+ 27. Kf1 Qd1+ 28. Be1 Qc1 29. b4 Qxa3 30. b5 Nd8 31. Qd4+ Kf7 32. Qxd8 Qxe3
33. Qd5+ 1-0

[Event "London Chess Classic FIDE Open"]
[Site "London ENG"]
[Date "2010.12.12"]
[Round "5"]
[White "Britton, Richard L"]
[Black "Hebbes, Tim"]
[Result "1/2-1/2"]
[WhiteTitle "FM"]
[WhiteElo "2229"]
[BlackElo "2108"]
[WhiteFideId "401692"]
[BlackFideId "406570"]
[EventDate "2010.12.08"]

1. e4 e6 2. d3 d5 3. Nd2 Nf6 4. Ngf3 b6 5. g3 dxe4 6. dxe4 Bb7 7. Qe2 Ba6 8. c4
Nc6 9. Bg2 e5 10. O-O Nd4 11. Qd1 Nxf3+ 12. Bxf3 Bb7 13. Qc2 Bd6 14. Rd1 O-O 15.
Nf1 Qc8 16. Be3 Qe6 17. c5 bxc5 18. Bxc5 Bxc5 19. Qxc5 Bxe4 20. Bxe4 Nxe4 21.
Qxc7 Qf5 22. Qc2 Nxg3 23. Qxf5 Nxf5 24. Rd5 f6 25. Kg2 Rad8 26. Ra5 Rd7 27. Rc1
Rb8 28. b3 Kf7 29. Rc6 Rbb7 30. Ng3 Nxg3 31. hxg3 Ke7 32. Kf3 Rbc7 33. Rxc7 Rxc7
34. Ke4 Rd7 35. f3 h6 36. Ra6 Kf7 37. Kf5 Re7 38. b4 h5 39. b5 g6+ 40. Ke4 f5+
41. Ke3 Kg7 42. a4 Kh6 43. Rc6 e4 44. f4 Rd7 45. Ra6 Rd3+ 46. Ke2 Rd7 47. Ke3 1/2-1/2

[Event "London Chess Classic FIDE Open"]
[Site "London ENG"]
[Date "2010.12.12"]
[Round "5"]
[White "Remmler, Hans-Peter"]
[Black "Mcgowan, Daniel"]
[Result "1/2-1/2"]
[WhiteElo "2209"]
[BlackElo "2082"]
[WhiteFideId "4623266"]
[BlackFideId "2401479"]
[EventDate "2010.12.08"]

1. Nf3 d5 2. c4 c6 3. d4 Nf6 4. Nc3 g6 5. Bg5 Bg7 6. e3 O-O 7. Bd3 dxc4 8. Bxc4
b5 9. Be2 a6 10. Ne5 Be6 11. Qc2 Nfd7 12. Nxd7 Nxd7 13. Rd1 b4 14. Ne4 Qa5 15.
O-O Rfe8 16. Bf4 Qxa2 17. Ra1 Qd5 18. Bxa6 Bf5 19. Bd3 Rxa1 20. Rxa1 e5 21. dxe5
b3 22. Qb1 Nxe5 23. Bxe5 Bxe5 24. Ra4 1/2-1/2

[Event "London Chess Classic FIDE Open"]
[Site "London ENG"]
[Date "2010.12.12"]
[Round "5"]
[White "Sreeves, Clement"]
[Black "Mortazavi, Ali"]
[Result "1/2-1/2"]
[BlackTitle "IM"]
[WhiteElo "2104"]
[BlackElo "2372"]
[WhiteFideId "2402564"]
[BlackFideId "401323"]
[EventDate "2010.12.08"]

1. Nf3 Nf6 2. c4 g6 3. b4 Bg7 4. Bb2 O-O 5. g3 c6 6. Bg2 d5 7. Na3 Qb6 8. Qb3
Na6 9. Rb1 Bf5 10. c5 Qd8 11. d3 b6 12. Ne5 bxc5 13. Nxc6 Qd6 14. b5 c4 15. Nxc4
dxc4 16. Qxc4 Be6 17. Qc1 Nc5 18. Be5 Nxd3+ 19. exd3 Qxd3 20. Rb2 Rfe8 21. Qc3
Qxc3+ 22. Bxc3 Nd5 23. Bxg7 Kxg7 24. O-O Nb6 25. Re1 Kf6 26. h4 h5 27. Rb4 Bxa2
28. Rf4+ Kg7 29. Nb4 Be6 30. Bxa8 Rxa8 31. Rc1 Nc8 32. Na6 Bf5 33. Rc5 Nd6 34.
Ra4 Rd8 35. Nc7 Ne4 36. Rc1 Rd2 37. Rf1 Rc2 38. Rxa7 Nd2 39. b6 Nf3+ 40. Kg2 Be4
41. Kh3 Bf5+ 42. Kg2 Be4 43. Kh3 Bf5+ 44. Kg2 1/2-1/2

[Event "London Chess Classic FIDE Open"]
[Site "London ENG"]
[Date "2010.12.12"]
[Round "5"]
[White "Hagen, Anders Gjerdrum"]
[Black "Willmoth, Robert F"]
[Result "1/2-1/2"]
[WhiteElo "2084"]
[BlackElo "2238"]
[WhiteFideId "1506650"]
[BlackFideId "402540"]
[EventDate "2010.12.08"]

1. d4 Nf6 2. c4 e5 3. dxe5 Ng4 4. Nf3 Nc6 5. Bf4 Bb4+ 6. Nbd2 Qe7 7. e3 Ngxe5 8.
Nxe5 Nxe5 9. a3 Bd6 10. Ne4 Nxc4 11. Nxd6+ Nxd6 12. Rc1 O-O 13. Rxc7 Ne8 14. Rc3
d6 15. Bb5 Bd7 16. Bxd7 Qxd7 17. Rd3 Rd8 18. O-O h6 19. Qd2 f5 20. Rd1 Rf6 21.
Qa5 a6 22. h3 Kh7 23. Rb3 Rc8 24. Qb4 Rc7 1/2-1/2

[Event "London Chess Classic FIDE Open"]
[Site "London ENG"]
[Date "2010.12.12"]
[Round "5"]
[White "Milnes, Anthony C P"]
[Black "Tate, Alan"]
[Result "1/2-1/2"]
[WhiteElo "2080"]
[BlackElo "2234"]
[WhiteFideId "409634"]
[BlackFideId "2401878"]
[EventDate "2010.12.08"]

1. f4 d5 2. Nf3 g6 3. e3 Bg7 4. Be2 Nc6 5. d4 Nf6 6. O-O Bf5 7. c4 O-O 8. Nc3
dxc4 9. Bxc4 Ne4 10. Bd3 Nd6 11. Ne5 Nxe5 12. dxe5 Bxd3 13. Qxd3 Nc8 14. Rd1
Qxd3 15. Rxd3 Nb6 16. b3 Rfd8 17. Rxd8+ Rxd8 18. Ba3 Rd3 19. Rd1 Rxd1+ 20. Nxd1 1/2-1/2

[Event "London Chess Classic FIDE Open"]
[Site "London ENG"]
[Date "2010.12.12"]
[Round "5"]
[White "Bass, John W"]
[Black "Wallace, Paul"]
[Result "0-1"]
[WhiteElo "2064"]
[BlackElo "2231"]
[WhiteFideId "407925"]
[BlackFideId "2500892"]
[EventDate "2010.12.08"]

1. d4 Nf6 2. c4 g6 3. Nc3 Bg7 4. e4 d6 5. Be2 c5 6. d5 O-O 7. Bg5 h6 8. Be3 b5
9. cxb5 a6 10. Nf3 axb5 11. Nd2 b4 12. Nb5 Ba6 13. a4 bxa3 14. Rxa3 Nbd7 15. f3
Nb6 16. Qb3 Nfd7 17. O-O Bxb5 18. Bxb5 Qc7 19. Nc4 Nxc4 20. Bxc4 Rab8 21. Qa2
Rxb2 22. Ra7 Qb8 23. Qa6 Ne5 24. Ba2 Qb4 25. Rxe7 Qc3 26. Bf2 Nd3 0-1

[Event "London Chess Classic FIDE Open"]
[Site "London ENG"]
[Date "2010.12.12"]
[Round "5"]
[White "Osborne, Marcus E"]
[Black "Burke, John S"]
[Result "1-0"]
[WhiteElo "2229"]
[BlackElo "2078"]
[WhiteFideId "404608"]
[BlackFideId "404322"]
[EventDate "2010.12.08"]

1. d4 d5 2. c4 Nc6 3. Nc3 Nf6 4. Nf3 dxc4 5. Bg5 Bg4 6. d5 Na5 7. Qa4+ c6 8. b4
b5 9. Qxa5 Qxa5 10. bxa5 Nxd5 11. Bd2 Bxf3 12. gxf3 e6 13. e4 Nc7 14. Rb1 Na6
15. a4 b4 16. Na2 b3 17. Nc3 Nb4 18. Bxc4 Nc2+ 19. Ke2 Na3 20. Bxb3 Nxb1 21.
Rxb1 Bc5 22. Bc4 O-O 23. Ba6 Rab8 24. Bb7 Rfd8 25. a6 Bxf2 26. Bf4 1-0

[Event "London Chess Classic FIDE Open"]
[Site "London ENG"]
[Date "2010.12.12"]
[Round "5"]
[White "Anderton, Matthew N"]
[Black "Grochowalski, Pawel"]
[Result "1/2-1/2"]
[WhiteElo "2227"]
[BlackElo "2062"]
[WhiteFideId "403237"]
[BlackFideId "1115197"]
[EventDate "2010.12.08"]

1. e4 e5 2. Nf3 Nc6 3. Bb5 a6 4. Ba4 Nf6 5. O-O Be7 6. Re1 b5 7. Bb3 d6 8. c3
O-O 9. h3 Na5 10. Bc2 c5 11. d4 Nd7 12. Nbd2 exd4 13. cxd4 Nc6 14. d5 Nce5 15.
Nh2 Nb6 1/2-1/2

[Event "London Chess Classic FIDE Open"]
[Site "London ENG"]
[Date "2010.12.12"]
[Round "5"]
[White "Yurenok, Maria S"]
[Black "Stone, Andrew M"]
[Result "0-1"]
[WhiteTitle "WFM"]
[WhiteElo "2071"]
[BlackElo "2223"]
[WhiteFideId "409359"]
[BlackFideId "404985"]
[EventDate "2010.12.08"]

1. d4 e6 2. c4 Nf6 3. Nc3 Bb4 4. Qc2 O-O 5. a3 Bxc3+ 6. Qxc3 Qe8 7. f3 d6 8. Bg5
Nfd7 9. e3 Nc6 10. Bd3 e5 11. d5 Ne7 12. Qc2 h6 13. Bh4 a5 14. Ne2 Nc5 15. Nc3
Bd7 16. g4 f5 17. h3 e4 18. fxe4 Ng6 19. Bf2 Ne5 20. Be2 fxg4 21. h4 Qg6 22. Bg3
Nf3+ 23. Bxf3 Rxf3 24. Bf4 Re8 25. h5 Qh7 26. O-O-O Nxe4 27. Nxe4 Qxe4 28. Qxe4
Rxe4 29. b3 a4 30. Kb2 axb3 31. Rhf1 Rxc4 32. Rxf3 gxf3 33. Rf1 Bg4 34. Kxb3 b5
35. Rh1 Kf7 36. Bg3 Kf6 37. Rd1 Bxh5 38. Re1 Kf5 39. Rd1 Bf7 40. Bf2 g5 41. Kb2
h5 42. Rh1 Bxd5 43. Rxh5 Rg4 44. Rh2 Rg2 45. Rxg2 fxg2 46. Kc3 c5 47. Kd3 Bc4+
48. Kc3 Bf1 49. Bg1 Ke4 50. Kc2 g4 51. Kc3 Be2 52. Kc2 g3 53. Kd2 Bf3 54. Kc3
Kd5 55. Kb3 Be4 56. Kc3 Kc6 57. Kb3 Kb6 58. Kc3 Ka5 59. Kb3 Ka6 60. Kc3 Kb6 61.
Kb2 b4 62. Ka2 Kb5 63. axb4 cxb4 64. Kb2 Kc4 65. Kc1 Kc3 0-1

[Event "London Chess Classic FIDE Open"]
[Site "London ENG"]
[Date "2010.12.12"]
[Round "5"]
[White "Hodgson, John H"]
[Black "Paez, David"]
[Result "1/2-1/2"]
[WhiteElo "2206"]
[BlackElo "2035"]
[WhiteFideId "403520"]
[BlackFideId "4405196"]
[EventDate "2010.12.08"]

1. e4 d5 2. exd5 Nf6 3. Nf3 Bg4 4. Be2 Qxd5 5. Nc3 Qd7 6. h3 Bxf3 7. Bxf3 Nc6 8.
g3 e5 9. Bg2 Bc5 10. O-O O-O 11. d3 h6 12. Be3 Bd4 13. Ne2 Rad8 14. Bxd4 Nxd4
15. Nxd4 1/2-1/2

[Event "London Chess Classic FIDE Open"]
[Site "London ENG"]
[Date "2010.12.12"]
[Round "5"]
[White "Harari, Zaki"]
[Black "Lenier, Jude"]
[Result "0-1"]
[WhiteElo "2197"]
[BlackElo "2006"]
[WhiteFideId "2002639"]
[BlackFideId "470678"]
[EventDate "2010.12.08"]

1. d4 Nf6 2. c4 c5 3. d5 e6 4. Nc3 exd5 5. cxd5 d6 6. g3 g6 7. Bg2 Bg7 8. Nf3
O-O 9. O-O Re8 10. h3 h5 11. Bg5 Bf5 12. Nh4 Bd7 13. Qd2 Qc7 14. e4 b5 15. Rfe1
b4 16. Nd1 Qc8 17. Kh2 Bb5 18. a3 Na6 19. Bf4 Qd7 20. Rb1 Rad8 21. Bg5 Re7 22.
Qc2 Rde8 23. Ne3 Ba4 24. b3 bxa3 25. bxa4 Nb4 26. Qb3 a2 27. Rbd1 Rxe4 28. Bxe4
Nxe4 29. Nc2 Nxg5 30. Rxe8+ Qxe8 31. Nxb4 a1=Q 32. Rxa1 Bxa1 33. Nc2 Qe2 34.
Nxa1 Qxf2+ 35. Kh1 Ne4 36. Ng2 Qf1+ 37. Kh2 Nd2 38. Qb8+ Kh7 39. g4 Qf2 40. Kh1
Nf3 0-1

[Event "London Chess Classic FIDE Open"]
[Site "London ENG"]
[Date "2010.12.12"]
[Round "5"]
[White "Ethelontis, Alexandros N"]
[Black "Phillips, Owen S"]
[Result "1-0"]
[WhiteElo "2187"]
[BlackElo "1996"]
[WhiteFideId "405469"]
[BlackFideId "417882"]
[EventDate "2010.12.08"]

1. c4 f5 2. g3 Nf6 3. Bg2 e6 4. Nf3 Be7 5. O-O O-O 6. d3 d6 7. Nc3 e5 8. e4 Nc6
9. h3 Qe8 10. Nh4 f4 11. Nf5 Bxf5 12. exf5 Qd7 13. g4 Nd4 14. Re1 h5 15. Ne2
Nxf5 16. gxf5 Qxf5 17. Nxf4 Bd8 18. Nd5 c6 19. Nxf6+ Rxf6 20. Be3 Rg6 21. Kh2 d5
22. cxd5 e4 23. dxe4 Bc7+ 24. Kh1 Qe5 25. f4 Qxb2 26. Re2 Qa3 27. Qb3 Qa6 28.
Rb2 c5 29. Qxb7 Qxb7 30. Rxb7 Bb6 31. e5 Rg3 32. Bf2 Rd3 33. d6 Rf8 34. Bg1 Rxf4
35. Rf1 Ra4 36. Rb8+ Kh7 37. Re1 Rd2 38. Be4+ g6 39. Rb7+ Kg8 40. Be3 Rb2 41.
Bd5+ Kf8 42. Bh6+ Ke8 43. Bc6+ 1-0

[Event "London Chess Classic FIDE Open"]
[Site "London ENG"]
[Date "2010.12.12"]
[Round "5"]
[White "Yeo, Michael J"]
[Black "Hayward, Alan"]
[Result "1-0"]
[WhiteElo "2183"]
[BlackElo "1979"]
[WhiteFideId "402257"]
[BlackFideId "415936"]
[EventDate "2010.12.08"]

1. e4 d5 2. exd5 Nf6 3. Nf3 Bg4 4. Bb5+ Nbd7 5. h3 Bh5 6. Nc3 a6 7. Be2 Nb6 8.
d4 Nbxd5 9. O-O Nxc3 10. bxc3 e6 11. Rb1 Rb8 12. c4 Be7 13. Ne5 Bg6 14. Bf3 Qc8
15. Be3 O-O 16. Rb3 Rd8 17. Qe2 Nd7 18. Nxg6 hxg6 19. Rfb1 b6 20. Bc6 e5 21. c3
Bf6 22. Qb2 exd4 23. cxd4 Nc5 24. Ra3 Rd6 25. Bf3 Qd8 26. Rd1 Ne6 27. Bd5 c5 28.
Rxa6 Nc7 29. Qa3 Nxa6 30. Qxa6 Bxd4 31. Bf4 Rxd5 32. cxd5 Ra8 33. Qc4 b5 34. Qb3
Ra4 35. Bg3 Rb4 36. Qf3 Rb2 37. d6 Rxa2 38. Qc6 b4 39. Re1 b3 40. Re8+ Qxe8 41.
Qxe8+ Kh7 42. d7 Bf6 43. Be5 Re2 44. Bxf6 1-0

[Event "London Chess Classic FIDE Open"]
[Site "London ENG"]
[Date "2010.12.12"]
[Round "5"]
[White "Thomassen, Thomas"]
[Black "Gavriel, Tryfon C"]
[Result "1-0"]
[WhiteElo "2033"]
[BlackElo "2170"]
[WhiteFideId "1504860"]
[BlackFideId "403105"]
[EventDate "2010.12.08"]

1. c4 Nf6 2. g3 g6 3. Bg2 Bg7 4. Nc3 O-O 5. e4 d6 6. Nge2 c5 7. O-O Nc6 8. d3 a6
9. h3 Rb8 10. a4 Ne8 11. Be3 Nc7 12. d4 cxd4 13. Nxd4 Ne6 14. Nxe6 fxe6 15. c5
Ne5 16. Qe2 Qa5 17. f4 Nf7 18. Qc4 Bd7 19. b4 Qc7 20. Qb3 b6 21. c6 Bxc6 22.
Rac1 Qd7 23. b5 axb5 24. axb5 Ba8 25. Na4 Qa7 26. Rc2 d5 27. e5 Nxe5 28. fxe5
Rxf1+ 29. Kxf1 Bxe5 30. Bh6 Qd7 31. Qe3 Qxb5+ 32. Kg1 d4 33. Qc1 Qe8 34. Qe1 Bf6
35. Qxe6+ Kh8 36. Bxa8 Rxa8 37. Nxb6 Rd8 38. Nd5 Qg8 39. Qxg8+ Kxg8 40. Nxf6+
exf6 41. Bd2 Rd7 42. Kf2 Kf7 43. Rc6 g5 44. Ke2 Ra7 45. Rd6 Ra3 46. Kf2 Ra4 47.
Rd7+ Kg6 48. Rd5 h5 49. Ra5 Rxa5 50. Bxa5 Kf5 51. Bd8 h4 52. gxh4 gxh4 53. Kf3
d3 54. Ba5 Ke5 55. Ke3 Kf5 56. Be1 Kg5 57. Kxd3 1-0

[Event "London Chess Classic FIDE Open"]
[Site "London ENG"]
[Date "2010.12.12"]
[Round "5"]
[White "Ernst, Michael"]
[Black "Phillips, William"]
[Result "1-0"]
[WhiteElo "2169"]
[BlackElo "1977"]
[WhiteFideId "1618393"]
[BlackFideId "414344"]
[EventDate "2010.12.08"]

1. d4 d6 2. c4 Nf6 3. Nc3 g6 4. e4 Bg7 5. h3 O-O 6. Nf3 e5 7. d5 a5 8. Bg5 h6 9.
Be3 Kh8 10. g4 Ng8 11. Bd3 Na6 12. Nd2 Nc5 13. Bc2 Bd7 14. h4 Qc8 15. g5 h5 16.
Nb3 Na4 17. Nxa4 Bxa4 18. Nd2 Bxc2 19. Qxc2 Qg4 20. f3 Qd7 21. c5 Qb5 22. a4 Qa6
23. Qc4 c6 24. Qxa6 Rxa6 25. dxc6 Rxc6 26. cxd6 Rd8 27. Ke2 Rcxd6 28. Nc4 Rc6
29. Rac1 Bf8 30. Nxe5 Rxc1 31. Rxc1 Kg7 32. Rc7 Ne7 33. Rxb7 Rc8 34. Bd4 Kg8 35.
Bc3 Nc6 36. Nxc6 Rxc6 37. Rb8 1-0

[Event "London Chess Classic FIDE Open"]
[Site "London ENG"]
[Date "2010.12.12"]
[Round "5"]
[White "Heaton, Paul"]
[Black "Pedersen, Carsten"]
[Result "1/2-1/2"]
[WhiteElo "2029"]
[BlackElo "2154"]
[WhiteFideId "411116"]
[BlackFideId "1409760"]
[EventDate "2010.12.08"]

1. c4 e5 2. g3 Nc6 3. Nc3 g6 4. Bg2 Bg7 5. e4 d6 6. Nge2 f5 7. d3 Nf6 8. O-O O-O
9. Nd5 Nh5 10. Rb1 fxe4 11. dxe4 h6 12. Be3 Bg4 13. f3 Be6 14. Qd2 Kh7 15. b4
Ne7 16. Nxe7 Qxe7 17. c5 Rfd8 18. cxd6 cxd6 19. Nc3 Nf6 20. Qf2 b6 21. Rfe1 Rac8
22. Rbc1 d5 23. Nxd5 Nxd5 24. exd5 Bxd5 25. a3 Qb7 26. Rxc8 Rxc8 27. Rc1 Rf8 28.
f4 exf4 29. Bxf4 Rf7 30. Rd1 Bxg2 31. Qxg2 Qa6 32. Qd5 Re7 33. Qd3 Qa4 34. h4 h5 1/2-1/2

[Event "London Chess Classic FIDE Open"]
[Site "London ENG"]
[Date "2010.12.12"]
[Round "5"]
[White "Fegan, Chris"]
[Black "Zymberi, Astrit"]
[Result "0-1"]
[WhiteElo "2003"]
[BlackElo "2148"]
[WhiteFideId "410047"]
[BlackFideId "4700295"]
[EventDate "2010.12.08"]

1. Nf3 Nf6 2. d4 g6 3. Bf4 c5 4. c3 Bg7 5. dxc5 Na6 6. b4 Nh5 7. Be5 f6 8. g4
fxe5 9. gxh5 e4 10. Ng5 e3 11. fxe3 e6 12. h4 Nxb4 13. Bg2 Qc7 14. O-O Qg3 15.
Rf3 Qxh4 16. Nf7 O-O 17. Rh3 Qg4 18. Nd6 Na6 19. Ne4 Rf5 20. hxg6 hxg6 21. Rg3
Qh4 22. Rxg6 Nxc5 23. Nbd2 d5 24. Ng3 Rf7 25. Nf3 Qh7 26. Rg4 Qh6 27. Ng5 Rf6
28. e4 Rg6 29. Qd2 Bd7 30. exd5 e5 31. Rf1 Bxg4 0-1

[Event "London Chess Classic FIDE Open"]
[Site "London ENG"]
[Date "2010.12.12"]
[Round "5"]
[White "Wheldon, Philip"]
[Black "Millward, Kevin P"]
[Result "1-0"]
[WhiteElo "2125"]
[BlackElo "1954"]
[WhiteFideId "407402"]
[BlackFideId "404721"]
[EventDate "2010.12.08"]

1. e4 b6 2. d4 Bb7 3. Nd2 e6 4. Ngf3 c5 5. Bd3 Nc6 6. c3 cxd4 7. cxd4 Nb4 8. Be2
Rc8 9. O-O Nf6 10. e5 Ne4 11. a3 Nxd2 12. Qxd2 Nd5 13. Bd3 Be7 14. Qe2 O-O 15.
Qe4 g6 16. Bh6 Re8 17. Rfd1 Rc7 18. Qg4 Bf8 19. Bg5 Qc8 20. Qh4 Ne7 21. Nd2 Nf5
22. Bxf5 exf5 23. Nf3 Bxf3 24. gxf3 Rc2 25. Rac1 Rxc1 26. Rxc1 Qb7 27. Qf4 Bg7
28. Rc3 Re6 29. Qc1 Rc6 30. d5 Rxc3 31. Qxc3 h6 32. Bf6 Bxf6 33. exf6 Qb8 34.
Qe3 Qc8 35. Qxh6 Qf8 36. Qc1 Qe8 37. Qe3 Qc8 38. Qc3 Qe8 39. Qc7 Qe1+ 40. Kg2
Qd2 41. Qb8+ Kh7 42. h4 Qd4 43. Qxa7 Qxf6 44. Qxd7 g5 45. d6 g4 46. Qe7 gxf3+
47. Kxf3 Qg6 48. d7 1-0

[Event "London Chess Classic FIDE Open"]
[Site "London ENG"]
[Date "2010.12.12"]
[Round "5"]
[White "Doran, Chris"]
[Black "Valenti, Richard"]
[Result "1-0"]
[WhiteElo "1988"]
[BlackElo "2124"]
[WhiteFideId "503835"]
[BlackFideId "602752"]
[EventDate "2010.12.08"]

1. e4 d6 2. d4 Nf6 3. Nc3 g6 4. Be3 c6 5. Qd2 Nbd7 6. O-O-O b5 7. f3 b4 8. Nce2
a5 9. g4 Nb6 10. Nf4 h5 11. g5 Nfd7 12. e5 e6 13. Bd3 dxe5 14. Nxe6 fxe6 15.
Bxg6+ Ke7 16. dxe5 Qc7 17. Bxb6 1-0

[Event "London Chess Classic FIDE Open"]
[Site "London ENG"]
[Date "2010.12.12"]
[Round "5"]
[White "Tozer, Philip"]
[Black "Haria, Ravi"]
[Result "1-0"]
[WhiteElo "2123"]
[BlackElo "1952"]
[WhiteFideId "419982"]
[BlackFideId "415820"]
[EventDate "2010.12.08"]

1. g3 Nf6 2. c4 c5 3. Nc3 d5 4. cxd5 Nxd5 5. Nf3 Nc6 6. Bg2 Nc7 7. O-O e5 8. a3
Be7 9. b4 cxb4 10. axb4 Be6 11. b5 Nd4 12. Rb1 f6 13. e3 Nxf3+ 14. Qxf3 Rb8 15.
b6 axb6 16. Rxb6 Bc4 17. Rd1 Ba6 18. d4 Na8 19. Rb1 Qc8 20. Nd5 Qc2 21. Bd2 Ba3
22. Nxf6+ gxf6 23. Qxf6 Be2 24. Qxh8+ Kf7 25. Qxb8 Bxd1 26. Rxb7+ Be7 27. Qxe5
Qxd2 28. Rxe7+ Kg6 29. Rg7+ Kh6 30. Qg5# 1-0